| Tag |
First Indicator |
Second Indicator |
Subfields |
| LEADER |
00000cam a22000001i 4500 |
| 001 |
in00002503536 |
| 005 |
20190327173446.0 |
| 006 |
m||||||||d|||||||| |
| 007 |
cr |n ---||a|a |
| 008 |
730716s1963 nyu s 000|0 eng d |
| 010 |
|
|
|a 63024847
|
| 035 |
|
|
|9 (DLC) 63024847
|
| 035 |
|
|
|a (OCoLC)656457
|
| 035 |
|
|
|a (VaAlASP)ASPS00015449/bltc
|
| 040 |
|
|
|a DLC
|c PPT
|d OCoLC
|d DLC
|d VaAlASP
|d UtOrBLW
|
| 050 |
0 |
0 |
|a ML3556
|b .D45
|
| 100 |
1 |
|
|a Dennison, Tim.
|
| 245 |
1 |
4 |
|a The American Negro and his amazing music.
|
| 250 |
|
|
|a [1st. ed.].
|
| 264 |
|
1 |
|a New York :
|b Vantage Press :
|b [1963]
|c [date of publication not identified]
|
| 300 |
|
|
|a 76 pages ;
|c 21 cm.
|
| 336 |
|
|
|a text
|b txt
|2 rdacontent
|
| 337 |
|
|
|a computer
|b c
|2 rdamedia
|
| 338 |
|
|
|a online resource
|b cr
|2 rdacarrier
|
| 533 |
|
|
|a Electronic reproduction.
|b Alexandria, VA :
|c Alexander Street Press,
|d 2005.
|f (Black thought and culture).
|n Available via World Wide Web.
|
| 500 |
|
|
|a Electronic resource.
|
| 650 |
|
0 |
|a African Americans
|v Music.
|
| 655 |
|
0 |
|a Electronic books.
|
| 776 |
1 |
|
|c Original
|w (DLC) 63024847
|
| 830 |
|
0 |
|a Black thought and culture.
|
| 856 |
4 |
0 |
|z Connect to the full text of this electronic book
|u http://proxy.library.tamu.edu/login?url=http://www.aspresolver.com/aspresolver.asp?BLTC;S15449
|t 0
|
| 999 |
|
|
|a MARS
|
| 999 |
f |
f |
|s d466f724-a761-330e-919c-f000bbc2e285
|i 70a28769-c143-3702-af3c-76c865d148f4
|t 0
|
| 952 |
f |
f |
|a Texas A&M University
|b College Station
|c Electronic Resources
|d Available Online
|t 0
|e ML3556 .D45
|h Library of Congress classification
|
| 998 |
f |
f |
|a ML3556 .D45
|t 0
|l Available Online
|